| 000 | 01268cam a22002891i 4500 | ||
|---|---|---|---|
| 003 | SA-RiAUC | ||
| 005 | 20241111120642.0 | ||
| 008 | 241109s2004 jo g 00010dara c | ||
| 040 |
_aKAPL _bara _cSA-RiAUC _erda |
||
| 072 | 7 | _a023 | |
| 082 | 0 | 4 |
_a217.2 _qSA-RiAUC |
| 090 |
_a217.2 _b م ا ل |
||
| 100 | 1 |
_aالمالكي، حسن بن فرحان، _d1390 هجري- _eمؤلف. |
|
| 245 | 1 | 0 |
_aداعية وليس نبيا : _bقراءة نقدية لمذهب الشيخ محمد بن عبد الوهاب في التكفير / _cحسن بن فرحان المالكي. |
| 250 | _aالطبعة الأولى. | ||
| 264 | 1 |
_aعمان، الأردن : _bدار الرازي للطباعة والنشر والتوزيع، _c2004 |
|
| 300 |
_a199 صفحة ؛ _c24 سم |
||
| 336 |
_aنص _btxt _2rdacontent _3كتاب |
||
| 337 |
_aبدون وسيط _bn _2rdamedia |
||
| 338 |
_aمجلد _bnc _2rdacarrier |
||
| 600 | 1 | 7 |
_aابن عبد الوهاب، محمد بن عبد الوهاب بن سليمان، _d1115-1206 هجري _xآراء حول التكفير _2aucnm |
| 650 | 7 |
_aالوهابية _2aucsh |
|
| 650 | 7 |
_aالدعوة الإسلامية _2aucsh |
|
| 650 | 7 |
_aالتكفير _2aucsh |
|
| 942 |
_2ddc _cBOOK _n0 |
||
| 949 |
_aSA-JeALM _d241109 _umohamedma123 _n1 |
||
| 999 |
_c2291 _d2291 |
||